Estatísticas para Times De Futebol Mais Seguidos No Instagram

Clique aqui para jogar o quiz

Estatísticas Gerais

  • Esse quiz foi jogado 243 vezes
    (107 desde o último reset)
  • A pontuação média é 31 de 40

Estatísticas das Respostas

TotalPaísTime% Correto
124.5 MEspanhaBarcelona
100%
148.0 MEspanhaReal Madrid
100%
65.7 MFrançaParis Saint-Germain
99%
49.2 MInglaterraManchester City
98%
63.1 MInglaterraManchester United
98%
18.5 MBrasilFlamengo
95%
15.2 MItáliaAC Milan
94%
15.5 MEUAInter Miami
94%
40.7 MAlemanhaBayern de Munique
93%
10.8 MItáliaInter de Milão
93%
59.7 MItáliaJuventus
93%
43.5 MInglaterraLiverpool
92%
5.3 MBrasilPalmeiras
92%
16.3 MEspanhaAtlético de Madrid
90%
2.7 MBrasilAtlético Mineiro
90%
41.3 MInglaterraChelsea
90%
10.9 MBrasilCorinthians
90%
28.1 MInglaterraArsenal
89%
2.9 MBrasilVasco da Gama
88%
8.5 MHolandaAjax
86%
8.6 MArgentinaRiver Plate
85%
19.2 MAlemanhaBorussia Dortmund
84%
6.3 MBrasilSão Paulo
84%
10.0 MArábia S.Al Hilal
82%
21.1 MArábia S.Al Nassr
82%
9.5 MArgentinaBoca Juniors
82%
3.0 MBrasilGrêmio
82%
2.7 MBrasilSantos
78%
16.4 MInglaterraTottenham Hotspur
78%
7.1 MItáliaRoma
70%
14.4 MTurquiaGalatasaray
67%
9.4 MTurquiaFenerbahçe
57%
3.1 MFrançaOlympique de Marseille
56%
3.2 MEspanhaSevilla
53%
10.3 MEgitoAl Ahly
48%
3.5 MInglaterraAston Villa
48%
4.1 MArábia S.Al Ittihad
44%
4.0 MInglaterraWest Ham
39%
8.7 MIrãPersepolis
14%
24.5 MHolandaEindhoven
1%

Distribuição das Pontuações

Percentil de Números Respondidos

Porcentagem de Pessoas com Cada Pontuação

Sua Pontuação Histórica

Você não jogou esse quiz desde o último reset